000 00466nam a2200181Ia 4500
001 3371
005 20260306145638.0
008 260306t1986||||xx |||||||||||||| ||spa||
041 _aESP
082 _a270.1
_bP59
100 _aPiñero Carrion, José María
_eAUT
245 0 _aLa ley de la iglesia:
_bresumen sencillo y completo del derecho de la iglesia
260 _c1986
300 _a
_c21 cm.
650 _aGEN
654 _aCHU
942 _cLIB
_dJUS
_fJUS
_2ddc
_n
999 _c3371
_d3371